000
00332nam a2200145Ia 4500
003
OSt
005
20240103124219.0
008
170524s9999 xx 000 0 und d
020
_a
9780070445321
040
_c
IIMT UNIVERSITY
100
_a
WHITELEY
245
0
_a
E.COMMERCE
260
_b
TATA MCGRAW HILL NEW DELHI
942
_2
ddc
_c
02
999
_c
8231
_d
8231